Catálogo
 En Linea

La historia sin fin de la basura / (Registro nro. 43813)

Detalles MARC
000 -CABECERA
campo de control de longitud fija 00482nam a2200157 a 4500
001 - NÚMERO DE CONTROL
campo de control 000044324
005 - FECHA Y HORA DE LA ÚLTIMA TRANSACCIÓN
campo de control 20201002045308.0
008 - DATOS DE LONGITUD FIJA--INFORMACIÓN GENERAL
campo de control de longitud fija 140613s2004 dr a 000 0 spa d
040 ## - FUENTE DE LA CATALOGACIÓN
Centro catalogador/agencia de origen DO-SdBNP
Lengua de catalogación spa
Centro/agencia transcriptor BNPHU
082 ## - NÚMERO DE LA CLASIFICACIÓN DECIMAL DEWEY
Número de clasificación xxxxxx
Número de documento/Ítem xxxxx
100 1# - ENTRADA PRINCIPAL--NOMBRE DE PERSONA
Nombre de persona Aleth, Kirsten
9 (RLIN) 17519
245 13 - MENCIÓN DE TÍTULO
Título La historia sin fin de la basura /
Mención de responsabilidad, etc. Kirsten Aleth.
260 ## - PUBLICACIÓN, DISTRIBUCIÓN, ETC.
Lugar de publicación, distribución, etc. Santo Domingo :
Nombre del editor, distribuidor, etc. CEDECO,
Fecha de publicación, distribución, etc. 19?
300 ## - DESCRIPCIÓN FÍSICA
Extensión 28 p. :
Otras características físicas il. ;
Dimensiones 27 cm.
700 1# - PUNTO DE ACCESO ADICIONAL--NOMBRE DE PERSONA
Nombre de persona Centro Dominicano de Educación Ecológica
9 (RLIN) 72333
Existencias
Estado de retiro Estado de pérdida No para préstamo Código de colección Localización permanente Ubicación/localización actual Ubicación en estantería Fecha de adquisición Número de inventario Total de préstamos Signatura topográfica completa Código de barras Fecha visto por última vez Precio válido a partir de Tipo de ítem Koha
    Excluido de préstamo Patrimonio Dominicano Patrimonio Dominicano Patrimonio Dominicano Depósito 13.06.2014 LF1   xxxxxx xxxxx 44324-10 25.06.2020 25.06.2020 Libro y Folleto Colección Patrimonio Dominicano

Con tecnología Koha